Największe miasta w Stanach Zjednoczonych - Statystyki

Ogólne statystyki
  • Ten quiz został rozwiązany 22 razy
    16 od ostatniego zresetowania
  • Średni wynik to 4 z 15
Statystyki odpowiedzi
Hint Odpowiedź % Poprawnych
California Los Angeles
83%
New York New York
83%
Florida Miami
50%
Massachusetts Boston
33%
North Carolina Charlotte
25%
Hawai Honolulu
25%
Arizona Phoenix
25%
District of Columbia Washington
25%
Alaska Anchorage
17%
Maryland Baltimore
17%
Kentucky Louisville
17%
Louisiana New Orlean
17%
South Carolina Charleston
8%
Kansas Wichita
8%
Connecticut Bridgeport
0%
Nie znaleziono quizów pasujących do podanych kryteriów
Rozkład punktacji
Procent ludzi z każdym wynikiem
Percentyl według liczby udzielonych odpowiedzi
Twoja historia wyników
Nie rozwiązałeś tego quizu od ostatniego zresetowania